000
00268nam a2200121Ia 4500
100
_a
Balagurusamy/E.
942
_c
BK
245
_a
Programming In Ansi C
260
_b
Tata McGraw Hill
_a
New Delhi.
_c
2004
082
_a
005.133/BAL
300
_a
493
546
_a
ENGLISH
999
_c
19625
_d
19625